| 000 | 00372nam a22001337a 4500 | ||
|---|---|---|---|
| 082 |
_a347.549109 _bSHA |
||
| 100 | _aSharif, Kh. Muhammad | ||
| 245 |
_aArbitration Act, (X 0F1940 / _cKh. Muhammad Sharif |
||
| 260 |
_aLahore : _bMansoor Book House, _c2022. |
||
| 300 | _a152 p. | ||
| 563 | _aHB. | ||
| 650 |
_aLaw, Arbitration Act, 1940 _9128146 |
||
| 942 |
_2ddc _cBK |
||
| 999 |
_c613183 _d613183 |
||